| 000 | 01185nam a2200229Ia 4500 | ||
|---|---|---|---|
| 003 | Ost | ||
| 005 | 20260507075710.0 | ||
| 008 | 260507s9999||||xx |||||||||||||| ||und|| | ||
| 020 | _a9789931083597 | ||
| 040 | _cfsecg | ||
| 041 | _aara | ||
| 082 | _a692.8 | ||
| 100 |
_aفلاق، محمد _eمؤلف |
||
| 245 | 0 |
_aريادة الأعمال (المقاولاتية) : _bمن الفكرة إلى التجسيد / _c محمد فلاق |
|
| 246 | _aEntrepreneurship | ||
| 260 |
_aالجزائر: _bألفا للوثائق, _c2022 |
||
| 300 |
_a235 صفحة؛ _bإيضاحات ؛ _c24 سم |
||
| 504 | _aمراجع ص.219 | ||
| 520 | _aأساسيات المقاولاتية، صفات ومهارات المقاول،الإبداع والابتكار ومحفزاته، أسباب نجاح وفشل المقاولات، مع المواقف المقاولاتية المختلفة، كذلك خطوات انشاء المقاولة ومخطط الأعمال والأجهزة المختصة في المرافقة مع آليات تشجيع المقاولاتية في الجزائر: دار المقاولاتية أنموذجا | ||
| 653 | _aالمقاولات | ||
| 942 | _cكتاب | ||
| 999 |
_c45887 _d45887 |
||